• 首页
  • 本馆介绍
  • 公告通知
  • 最新文献
  • 馆藏检索
  • 电子资源
  • 读者导购
  • 参考咨询
  • 我的图书馆
  • 登录
  • 详细信息显示
  • 放入我的书架
  • 预约/预借图书
  • 作者相关作品
  • 分类相关作品
  • 丛书相关作品
  • 出版社相关作品

书目信息

  • 表格格式
  • 工作单格式
  • 卡片格式
题名:
农耕文化
    
 
作者: 尹绍亭 著
分册:  
出版信息: 昆明   云南人民出版社  2015
页数: 587页
开本: 24cm
丛书名: 云南文库·学术名家文丛
单 册:
中图分类: F327.74
科图分类:
主题词: 农业生产--研究--云南
电子资源:
ISBN: 978-7-222-08945-7
000 00897oam2 2200253 450
001 012001005814
005 20080820145526.0
010    @a978-7-222-08945-7@dCNY99.00
100    @a20160913d2015 em y0chiy50 ea
101 0  @achi
102    @aCN@b530000
105    @aa z 000yy
106    @ar
200 1  @a农耕文化@9nong geng wen hua@e云南农具的源流及多样性研究@f尹绍亭著
210    @a昆明@c云南人民出版社@c云南大学出版社@d2015
215    @a587页@c图,照片@d24cm
225 1  @a云南文库·学术名家文丛
330    @a本书对农耕文化的起源、发展、意义等内容进行研究,内容包括:刀斧的生态史、从竹木锄到铁锄、云南犁的类型和源流、耖耙图谱、播种和灌溉、箩篮马帮车舟等。
461  0 @12001 @a云南文库·学术名家文丛
606 0  @a农业生产@x研究@y云南
690    @aF327.74@v5
701  0 @a尹绍亭@9yin shao ting@f(1947-)@4著
801  0 @aCN@b上海新华@c20180901
905    @b1168118-21@dF327.74@e192@f4
    
    农耕文化:云南农具的源流及多样性研究/尹绍亭著.-昆明:云南人民出版社:云南大学出版社,2015
    587页:图,照片;24cm.-(云南文库·学术名家文丛)
    
    
    ISBN 978-7-222-08945-7:CNY99.00
    本书对农耕文化的起源、发展、意义等内容进行研究,内容包括:刀斧的生态史、从竹木锄到铁锄、云南犁的类型和源流、耖耙图谱、播种和灌溉、箩篮马帮车舟等。
●
相关链接 在E读中查询图书 在五车中查询图书 在当当中查询图书 在豆瓣中查询图书


正题名:农耕文化     索取号:F327.74/192         预约/预借

序号 登录号 条形码 馆藏地/架位号 状态 备注
1 1168118   211681189   第一样本阅览室/ [索取号:F327.74/192] 在馆    
2 1168119   211681198   第一借阅区/ [索取号:F327.74/192] 在馆    
3 1168120   211681205   密集书库-海洋学院/ [索取号:F327.74/192] 在馆    
4 1168121   211681214   第一借阅区/ [索取号:F327.74/192] 在馆    
唐山师范学院图书馆 欢迎您!
大连网信软件有限公司© 版权所有